| 000 | 00972nam a2200193 a 4500 | ||
|---|---|---|---|
| 008 | 130524s2004 ||||||||||||||||| || u | ||
| 020 | _a9077073434 | ||
| 050 | _aSB 117 BUR | ||
| 100 | _aBurg, Harry van den | ||
| 245 | 1 | 0 |
_aSmall-scale seed production: with variety improvement of cereals and pulses _cby Harry van de Burg |
| 260 |
_aNetherlands: _bAgromisa Foundation _c2004 |
||
| 300 | _a92p. : ill. | ||
| 490 | _aAgrodok-series | ||
| 650 | _aSEED TECHNOLOGY | ||
| 650 | _aSEED PRODUCTION | ||
| 995 |
_aMAIN LIBRARY OPEN ACCESS _e743847 _FCBU-MAIN LIBRARY (Kitwe) _jSB 117 BUR _M1 _UAVAILABLE _WMay 24, 2013 _y743847 _ZMain Library Open Access Collection |
||
| 995 |
_aMAIN LIBRARY OPEN ACCESS _e743849 _FCBU-MAIN LIBRARY (Kitwe) _jSB 117 BUR _M2 _UAVAILABLE _WMay 24, 2013 _y743849 _ZMain Library Open Access Collection |
||
| 995 |
_aMAIN LIBRARY OPEN ACCESS _e743850 _FCBU-MAIN LIBRARY (Kitwe) _jSB 117 BUR _M3 _UAVAILABLE _WMay 24, 2013 _y743850 _ZMain Library Open Access Collection |
||
| 999 |
_c76553 _d76553 |
||